| 000 | 01154nam a22003617a 4500 | ||
|---|---|---|---|
| 001 | 0009849 | ||
| 003 | KOHA_MİRAKIL | ||
| 005 | 20260207001723.0 | ||
| 007 | ta | ||
| 008 | 110413b2003 tu |||gr||||#||||0|tur | | ||
| 020 | _a9755914498 | ||
| 040 |
_aTR-BiSEU _btur _cTR-BiSEU _erda |
||
| 041 | 0 | _atur | |
| 044 | _ctu | ||
| 050 |
_aHD66 _b.T88 2003 |
||
| 100 | 1 | _aTutar, Hasan. | |
| 245 | 1 |
_aİşletme becerileri grup çalışması/ _cHasan Tutar ; Hasan Tutar, M. Kemal Yılmaz, Cumhur Erdönmez. |
|
| 264 | 1 |
_aAnkara : _bNobel Yayın Dağıtım _c2003 |
|
| 300 | _a256 sayfa; 24 cm. | ||
| 336 |
_ametin _btxt _2rdacontent |
||
| 337 |
_aaracısız _bn _2rdamedia |
||
| 338 |
_acilt _bnc _2rdacarrier |
||
| 490 | 1 |
_aİletişim işletme iktisat hukuk dizisi ; _v94. |
|
| 490 | 1 |
_aNobel yayın no ; _v470. |
|
| 500 | _aKaynakça var. | ||
| 650 | 0 |
_aEkipler, işyerinde. _924305 |
|
| 650 | 0 |
_aÖrgütsel Davranış. _99214 |
|
| 650 | 0 |
_aTeams at work. _924306 |
|
| 650 | 0 |
_aOrganizational Behavior. _924307 |
|
| 830 | 1 |
_aİletişim işletme iktisat hukuk dizisi ; _v94. _924308 |
|
| 830 | 1 |
_aNobel yayın no ; _v470. _91940 |
|
| 942 |
_2lcc _cBK |
||
| 999 |
_c9821 _d9821 |
||